00256nam a2200085Ia 4500008004100000041000800041100002300049245005900072260003900131241105s9999 xx 000 0 und d aeng aBhansali Khushaboo aInnovation And Incubation Center At University Of Pune bFInal Year B Arch BNCA, Punec2015